01273nam a2200325 a 4500001001200000003000800012006001900020007001500039008004100054010001700095020001800112020002700130040002100157035002100178050002400199100002300223245011400246250001200360260005200372300002500424500002000449505004100469533015200510630003900662650005700701655002900758710001700787856012600804999001700930ebr10643072CaPaEBRm u cr cn|||||||||130112s2013 inua s 001 0 eng d z 2012951869 z9781118495636 z9781118526484 (e-book) aCaPaEBRcCaPaEBR a(OCoLC)83970884814aQA76.3b.S65 2013eb1 aSmith, Roderick W.10aLPIC-1h[electronic resource] :bLinux Professional Institute Certification study guide /cRoderick W. Smith. a3rd ed. aIndianapolis :bJohn Wiley & Sons, Inc.,c2013. aliii, 593 p. :bill. aIncludes index.0 apt. I. Exam 101 -- pt. II. Exam 102. aElectronic reproduction.bPalo Alto, Calif. :cebrary,d2013.nAvailable via World Wide Web.nAccess may be limited to ebrary affiliated libraries.00aLinuxxExaminationsvStudy guides. 0aElectronic data processing personnelxCertification. 7aElectronic books.2local2 aebrary, Inc.40uhttp://site.ebrary.com/lib/rucke/Doc?id=10643072zAn electronic book accessible through the World Wide Web; click to view c33978d33978